[Event "Sousse BICA op 1st"]
[Site "Sousse"]
[Date "2021.12.29"]
[Round "8"]
[White "Alasayfar, Abdulkarem"]
[Black "Jaballah, Mohamed1"]
[Result "1-0"]
[WhiteElo "1905"]
[BlackElo "1309"]
[PlyCount "105"]
[EventDate "2021.12.24"]
[EventType "swiss"]
[EventRounds "9"]
[EventCountry "TUN"]
[SourceTitle "CBM 205 Extra"]
[Source "ChessBase"]
[SourceDate "2022.01.31"]
[SourceVersion "1"]
[SourceVersionDate "2022.01.31"]
[SourceQuality "1"]

1. e4 c5 2. Nf3 d6 3. d4 cxd4 4. Nxd4 Nf6 5. Nc3 a6 6. Bc4 Nc6 7. h3 e6 8. Be3 Be7 9. Nxc6 bxc6 10. Qd2 Nd7 11. Bb3 c5 12. a3 Bb7 13. 0-0 Nf6 14. Ba4+ Nd7 15. Bxd7+ Qxd7 16. Rad1 0-0 17. Bxc5 Qc6 18. Be3 f5 19. f3 Rac8 20. exf5 Rxf5 21. Rf2 d5 22. Qd3 Bf6 23. Bd4 e5 24. Qxf5 exd4 25. Na2 a5 26. Nc1 Rf8 27. Re2 Qd6 28. Qe6+ Qxe6 29. Rxe6 Rc8 30. Rb6 Rc7 31. Nd3 Bc8 32. Rd2 Bf5 33. Rb5 Bh4 34. Kh2 Rd7 35. Rb8+ Bd8 36. g4 Bg6 37. f4 Be4 38. Ne5 Rd6 39. Rxd4 Kf8 40. c4 Ke7 41. c5 Rf6 42. Kg3 g5 43. f5 Ra6 44. Rc8 a4 45. Nc6+ Rxc6 46. Rxc6 Kd7 47. Ra6 Bc7+ 48. Kf2 Be5 49. Rb4 Kc7 50. c6 Bd3 51. Rb7+ Kd8 52. Ra8+ Bb8 53. Raxb8# 1-0

[Event "Arab CC-chT op"]
[Site "Hammamet"]
[Date "2019.02.27"]
[Round "2.3"]
[White "Alasayfar, Abdulkarem"]
[Black "Maasarani, Mahmoud"]
[Result "0-1"]
[WhiteElo "1933"]
[BlackElo "2035"]
[PlyCount "56"]
[EventDate "2019.02.26"]
[EventType "swiss"]
[EventRounds "7"]
[EventCountry "TUN"]
[SourceTitle "EXT 2024"]
[Source "ChessBase"]
[SourceDate "2023.10.10"]
[SourceVersion "1"]
[SourceVersionDate "2023.10.10"]
[SourceQuality "1"]
[WhiteTeam "Al Tahady Misrata"]
[BlackTeam "CLUB of Enginees"]
[WhiteTeamCountry "LBY"]
[BlackTeamCountry "LBN"]

1. e4 g6 2. Nf3 d6 3. d4 Bg7 4. Be2 Nf6 5. Nc3 0-0 6. h3 c6 7. Be3 b5 8. a3 a6 9. Qd2 Nbd7 10. Bh6 Bb7 11. g4 c5 12. Bxg7 Kxg7 13. g5 Nxe4 14. Nxe4 Bxe4 15. h4 e5 16. dxc5 Nxc5 17. 0-0-0 Nb3+ 18. cxb3 Rc8+ 19. Qc3 Rxc3+ 20. bxc3 Qc7 21. Kb2 Rc8 22. Rc1 Qc6 23. Rh3 Qd5 24. Rd1 Qc5 25. Nd2 Qxf2 26. Bg4 Rc7 27. h5 Qg2 28. h6+ Kg8 0-1